Statika v príkladoch

Salvato in:
Dettagli Bibliografici
Autori principali: Šimčák, František (Autore), a kol (Autore)
Natura: Libro
Lingua:slovacco
Pubblicazione: Košice : Technická univerzita v Košiciach, Strojnícka fakulta, 2012
Soggetti:
Tags: Aggiungi Tag
Nessun Tag, puoi essere il primo ad aggiungerne!!

MARC

LEADER 00000nam a22000003a 4500
001 stu265870
005 20150617230223.7
008 130425s2012----xo------------------slo-d
020 |a 978-80-553-1379-5 
040 |a STU  |b slo 
041 0 |a slo 
044 |a xo 
080 |a 531  |7 stu_us_auth*stu7974 
100 1 |a Šimčák, František  |4 aut 
245 1 |a Statika v príkladoch 
260 |a Košice :  |b Technická univerzita v Košiciach, Strojnícka fakulta,  |c 2012 
300 |a 249 s 
650 7 |a statika  |2 stusub 
700 1 |a a kol.  |4 aut 
996 |b 284M085069  |c M*S-1590-1  |l MMST  |s A  |a 24  |w stu265870_0001 
996 |b 284M085070  |c M*S-1590-2  |l MMKN  |s A  |a 24  |w stu265870_0002 
996 |b 284M085071  |c M*S-1590-3  |l MMKN  |s A  |a 24  |w stu265870_0003